Statistics for Sports Movie Quotes Quiz

Click here to take the quiz!

General Stats

  • This quiz has been taken 15,172 times
  • The average score is 10 of 16

Answer Stats

QuoteMovie% Correct
Yo, Adrian!Rocky
96%
Wax on, wax offThe Karate Kid
89%
If you can dodge a wrench, you can dodge a ballDodgeball: A True Underdog Story
86%
Feel the rhythm! Feel the rhyme! Get on up, its bobsled time!Cool Runnings
71%
I don't hate Balboa. I pity the foolRocky III
70%
If you build it, he will comeField of Dreams
68%
Show me the moneyJerry Maguire
61%
There's no crying in baseball!A League of Their Own
59%
Quack! Quack! Quack! Quack! Quack!The Mighty Ducks
59%
The price is wrong, ****!Happy Gilmore
58%
You're killing me, Smalls!The Sandlot
53%
You can do it!The Waterboy
47%
Juuuust a bit outsideMajor League
43%
If you ain't first, you're last Talladega Nights: The Ballad of Ricky Bobby
43%
I'd never sleep with a player hitting under .250Bull Durham
36%
Miss it, Noonan, missCaddyshack
29%

Score Distribution

Percentile by Number Answered

Percent of People with Each Score

Your Score History

You have not taken this quiz